Hindi ka viashvik paridrishya(हिन्दी का वैखिक परिदृरय) (Record no. 110724)
[ view plain ]
| 000 -LEADER | |
|---|---|
| fixed length control field | 00493nam a2200157Ia 4500 |
| 005 - DATE AND TIME OF LATEST TRANSACTION | |
| control field | 20241204103759.0 |
| 008 - FIXED-LENGTH DATA ELEMENTS--GENERAL INFORMATION | |
| fixed length control field | 230117s9999 xx 000 0 und d |
| 020 ## - INTERNATIONAL STANDARD BOOK NUMBER | |
| International Standard Book Number | 9788189187644 |
| 080 ## - UNIVERSAL DECIMAL CLASSIFICATION NUMBER | |
| Universal Decimal Classification number | 89H-4 |
| Item number | KAL/H |
| 100 ## - MAIN ENTRY--PERSONAL NAME | |
| Personal name | Kalpana Deshpande |
| 245 #0 - TITLE STATEMENT | |
| Title | Hindi ka viashvik paridrishya(हिन्दी का वैखिक परिदृरय) |
| 260 ## - PUBLICATION, DISTRIBUTION, ETC. (IMPRINT) | |
| Name of publisher, distributor, etc | Vinay Prakashan |
| Place of publication, distribution, etc | Kanpur |
| Date of publication, distribution, etc | 2019 |
| 300 ## - PHYSICAL DESCRIPTION | |
| Extent | 339p. |
| 653 ## - INDEX TERM--UNCONTROLLED | |
| Uncontrolled term | Essays - Hindi Literature - Global Perspective |
| 942 ## - ADDED ENTRY ELEMENTS (KOHA) | |
| item type | Books |
| Lost status | Source of classification or shelving scheme | Not for loan | Home library | Current library | Date acquired | Cost, normal purchase price | Total Checkouts | Full call number | Barcode | Date last seen | Cost, replacement price | Price effective from | Koha item type |
|---|---|---|---|---|---|---|---|---|---|---|---|---|---|
| Universal Decimal Classification | University Library | University Library | 25/02/2023 | 585.00 | 89H-4 KAL/H | 00094473 | 25/02/2023 | 900.00 | 25/02/2023 | Books |
